| 000 | 00484nam a2200193Ia 4500 | ||
|---|---|---|---|
| 005 | 20250423100948.0 | ||
| 008 | 250422s9999 xx 000 0 und d | ||
| 020 | _a0-596-00974-7 | ||
| 050 | _aQA 76.73.X58 .M36/ | ||
| 100 | _aSal Mangano | ||
| 245 | 0 | _aSolutions and examples for XML and XSLT Developers | |
| 250 | _a2nd ed. | ||
| 260 | _aBeijing | ||
| 260 | _bO'Reilly & Associates, Inc. | ||
| 260 | _c2006 | ||
| 300 | _a751 p | ||
| 650 | _aComputer Science | ||
| 942 | _cBK | ||
| 999 |
_c34871 _d34871 |
||